<?xml version="1.0" encoding="UTF-8"?>
<record
    xmlns:xsi="http://www.w3.org/2001/XMLSchema-instance"
    xsi:schemaLocation="http://www.loc.gov/MARC21/slim http://www.loc.gov/standards/marcxml/schema/MARC21slim.xsd"
    xmlns="http://www.loc.gov/MARC21/slim">

  <leader>01045nam a2200205 a 4500</leader>
  <controlfield tag="008">161215e2000    ag a|||g |||| 001 j spa d</controlfield>
  <datafield tag="020" ind1=" " ind2=" ">
    <subfield code="a">9508950897</subfield>
  </datafield>
  <datafield tag="041" ind1=" " ind2=" ">
    <subfield code="a">spa</subfield>
  </datafield>
  <datafield tag="092" ind1=" " ind2=" ">
    <subfield code="c">808</subfield>
    <subfield code="l">28</subfield>
    <subfield code="s">GAL</subfield>
  </datafield>
  <datafield tag="100" ind1="1" ind2=" ">
    <subfield code="a">Galeano, Eduardo</subfield>
    <subfield code="9">3095</subfield>
  </datafield>
  <datafield tag="245" ind1="3" ind2=" ">
    <subfield code="a">El libro de los abrazos /</subfield>
    <subfield code="c">Eduardo Galeano</subfield>
  </datafield>
  <datafield tag="250" ind1=" " ind2=" ">
    <subfield code="a">10a ed.</subfield>
  </datafield>
  <datafield tag="260" ind1=" " ind2=" ">
    <subfield code="a">Buenos Aires:</subfield>
    <subfield code="b">Cat&#xE1;logos;</subfield>
    <subfield code="c">2000.</subfield>
  </datafield>
  <datafield tag="300" ind1=" " ind2=" ">
    <subfield code="a">265 p.</subfield>
  </datafield>
  <datafield tag="500" ind1=" " ind2=" ">
    <subfield code="a">Galeano, E. (2000). El libro de los abrazos. (1a ed.). Buenos Aires : Cat&#xE1;logos.</subfield>
  </datafield>
  <datafield tag="505" ind1=" " ind2=" ">
    <subfield code="a">Cada persona brilla con luz propia entre todas las dem&#xE1;s. No hay dos fuegos iguales. Hay fuegos grandes y fuegos chicos y fuegos de todos los colores. Hay gente de fuego sereno, que ni se entera del viento, y gente de fuego loco, que llena el aire de chispas. Algunos fuegos, fuegos bobos, no alumbran ni queman; pero otros arden la vida con tantas ganas que no se puede miralos sin parpadear, y quien se acerca, se enciende. </subfield>
  </datafield>
  <datafield tag="590" ind1=" " ind2=" ">
    <subfield code="a">Proyecto 4to libro. Donaci&#xF3;n Constanzo Juan Carlos</subfield>
  </datafield>
  <datafield tag="655" ind1=" " ind2=" ">
    <subfield code="a">Literatura</subfield>
    <subfield code="9">2917</subfield>
  </datafield>
  <datafield tag="942" ind1=" " ind2=" ">
    <subfield code="2">ddc</subfield>
    <subfield code="c">LIT</subfield>
  </datafield>
  <datafield tag="999" ind1=" " ind2=" ">
    <subfield code="c">3035</subfield>
    <subfield code="d">3035</subfield>
  </datafield>
  <datafield tag="952" ind1=" " ind2=" ">
    <subfield code="0">0</subfield>
    <subfield code="1">0</subfield>
    <subfield code="2">ddc</subfield>
    <subfield code="4">0</subfield>
    <subfield code="7">0</subfield>
    <subfield code="a">BFM</subfield>
    <subfield code="b">BFM</subfield>
    <subfield code="c">CR</subfield>
    <subfield code="d">2019-09-09</subfield>
    <subfield code="e">Donaci&#xF3;n Constanzo, Juan Carlos. Sept. 2019</subfield>
    <subfield code="l">1</subfield>
    <subfield code="m">1</subfield>
    <subfield code="o">808 28 GAL</subfield>
    <subfield code="p">4563</subfield>
    <subfield code="r">2022-12-21</subfield>
    <subfield code="s">2022-11-29</subfield>
    <subfield code="t">Ej.1</subfield>
    <subfield code="w">2019-09-09</subfield>
    <subfield code="y">LIT</subfield>
    <subfield code="z">Proyecto 4to libro Donaci&#xF3;n Constanzo, Juan Carlos. Sept. 2019</subfield>
  </datafield>
</record>
